FRINGE CAST Quiz Stats

 Plays Quiz not verified by Sporcle

Score 0/10 Timer 05:00
0 Plays Today
character actor/actress % Correct
Peter Bishopjoshua jackson
96%
Olivia Dunhamanna torv
94%
Walter Bishopjohn noble
92.1%
William Bell (Deceased)leonard nimoy
72.8%
Astrid Farnsworthjasika nicole
72.2%
Phillip Broyleslance reddick
70.2%
Nina Sharpblair brown
70.2%
Charlie Francis (Deceased)kirk acevedo
57%
John Scott (Deceased)mark valley
55%
Rachel Dunhamari graynor
33.1%

You're not logged in!

Compare scores with friends on all Sporcle quizzes.
OR
Log In

Show Comments

Extras

Top Quizzes Today


Score Distribution

Your Account Isn't Verified!

In order to create a playlist on Sporcle, you need to verify the email address you used during registration. Go to your Sporcle Settings to finish the process.

Report this User

Report this user for behavior that violates our Community Guidelines.

Details: